Gaming Quiz

Random Gaming or Pokémon Quiz

Unique Pokemon Evolutions Quiz Stats

Quiz not verified by Sporcle

Challenge
Share
Tweet
Embed
Score 0/33 Timer 04:00
0 Plays Today
Evolution Method Resulting Pokemon % Correct
Level Up+High Friendship At NightUmbreon/Chimecho
96.2%
Trade While Holding A Metal CoatSteelix/Scizor
94.7%
Level Up+High Friendship During The DayEspeon/Lucario/Roselia
94%
Fire StoneArcanine/Ninetales/Flareon/Simisear
92.5%
Thunder StoneRaichu/Jolteon/Eelektross
92.5%
Water StoneStarmie/Cloyster/Vaporeon/Ludicolo/Simipour/Poliwrath
91.7%
Level Up+Attack Is Greater Than DefenseHitmonlee
88%
Level UP+Defense Is Greater Than AttackHitmonchan
88%
Level Up+Attack And Defense Are EqualHitmontop
86.5%
Trade While Holding A MagmarizerMagmortar
85.7%
Level Up+Remoraid In The PartyMantine
81.2%
Trade While Holding An ElectirizerElectivire
80.5%
Sun StoneSunflora/Whimsicott/Lilligant/Bellossom/Heliolisk
80.5%
Trade While Holding An Up-GradePorygon-2
79.7%
Trade While Holding A Dubious DiscPorygon-Z
79.7%
Level Up In 1 Of These Areas:Mt.Coronet,Chargestone Cave,New Mauville,Route 13(Kalos)Probopass/Magnezone
76.7%
Level Up With The Move Ancientpower LearnedMamoswine/Tangrowth/Yanmega
75.9%
Evolution Method Resulting Pokemon % Correct
Dawn StoneGallade/Froslass
73.7%
Trade While Holding A Deep Sea ToothHuntail
73.7%
Trade Shelmet For KarrablastAccelgor
72.2%
Trade While Holding A Kings RockPolitoed/Slowking
72.1%
Trade Karrablast For ShelmetEscavalier
71.4%
Trade While Holding A Deep Sea ScaleGorebyss
70.7%
Level Up+Hold The 3DS Upside DownMalamar
69.2%
Level Up At Night While Holding A Razor ClawWeavile
68.4%
Trade While Holding A Reaper ClothDusknoir
64.4%
Level Up At Night While Holding A Razor FangGliscor
63.2%
Trade While Holding A Dragon Scale Kingdra
62.5%
Level Up When It's Raining In The OverworldGoodra
62.4%
Trade While Holding A ProtectorRhyperior
61.5%
Trade While Holding A Prism ScaleMilotic
53.8%
Trade While Holding A Whipped DreamSlurpuff
51.9%
Trade While Holding A SachetAromatisse
50%

You're not logged in!

Compare scores with friends on all Sporcle quizzes.
Join for Free
OR
Log In

You Might Also Like...

Show Comments

Extras

Top Quizzes Today


Score Distribution

Your Account Isn't Verified!

In order to create a playlist on Sporcle, you need to verify the email address you used during registration. Go to your Sporcle Settings to finish the process.

Report this User

Report this user for behavior that violates our Community Guidelines.

Details: